|
|
|
|
| LEADER |
00601 a2200169 4500 |
| 008 |
170331b xxu||||| |||| 00| 0 eng d |
| 999 |
|
|
|c 113579
|d 113579
|
| 020 |
|
|
|a 9788173815973
|
| 082 |
|
|
|a 541
|
| 100 |
|
|
|a Pahari. S
|
| 245 |
|
|
|a Problems on physical chemistry /
|c S Pahari and Dola Pahari
|
| 260 |
|
|
|b New central book agency,
|c 2012.
|a New Delhi:
|
| 300 |
|
|
|a 590p.
|c 24cm.
|
| 650 |
|
|
|a Chemistry, Physical and theoretical
|
| 700 |
|
|
|a Dola Pahari
|
| 942 |
|
|
|2 ddc
|c TXT
|
| 952 |
|
|
|0 0
|1 0
|4 0
|6 541_000000000000000_PAH_P
|7 0
|9 120761
|a UL
|b UL
|c REF
|d 2017-03-09
|e 176
|g 269.50
|l 0
|o 541 PAH/P
|p 95477
|r 2017-03-09
|v 350.00
|y TXT
|